Leyes nos. 19.476 a 19.500 decretos con fuerza de ley

Saved in:
Bibliografiske detaljer
Format: Bog
Sprog:spansk
Udgivet: Santiago Jurídica de Chile 1997
Serier:Textos Legales, 148
Fag:
Tags: Tilføj Tag
Ingen Tags, Vær først til at tagge denne postø!

MARC

LEADER 00000nam a2200000 a 4500
001 UCR3726
003 CL-VaPUC
008 980130e19970000CL |||||||||||||||||spa|d
082 0 4 |a 348.022  |b LEY  |2 21 
245 1 0 |a Leyes nos. 19.476 a 19.500 decretos con fuerza de ley 
246 1 0 |a decretos supremos 
300 |a 467 p 
942 |c BK 
945 |d 19980130 00:00:00  |a jquezada 
260 |a Santiago  |b Jurídica de Chile  |c 1997 
650 0 |a Derecho y legislación   |9 255077 
650 7 |a DECRETOS CON FUERZA DE LEY  |2 CL-VaPUC  |9 389939 
650 7 |a DECRETOS SUPREMOS  |2 CL-VaPUC  |9 396008 
583 |a last modification  |c 19980130 00:00:00  |k Rodrigo Vera 
490 0 |a Textos Legales, 148 
999 |c 266764  |d 266762